<?xml version="1.0" encoding="UTF-8"?>
<record
    xmlns:xsi="http://www.w3.org/2001/XMLSchema-instance"
    xsi:schemaLocation="http://www.loc.gov/MARC21/slim http://www.loc.gov/standards/marcxml/schema/MARC21slim.xsd"
    xmlns="http://www.loc.gov/MARC21/slim">

  <leader>01257nam a2200313 a 4500</leader>
  <controlfield tag="003">DO-SdBNP</controlfield>
  <controlfield tag="005">20240221111239.0</controlfield>
  <controlfield tag="008">090716s2009    dr a 000 0 spa d</controlfield>
  <datafield tag="020" ind1=" " ind2=" ">
    <subfield code="a">9789945020663 (v.1)</subfield>
  </datafield>
  <datafield tag="020" ind1=" " ind2=" ">
    <subfield code="a">9789945020670 (v.2)</subfield>
  </datafield>
  <datafield tag="020" ind1=" " ind2=" ">
    <subfield code="a">9789945020694 (v.3)</subfield>
  </datafield>
  <datafield tag="040" ind1=" " ind2=" ">
    <subfield code="a">DO-SdBNP</subfield>
    <subfield code="b">spa</subfield>
    <subfield code="c">BPMSU</subfield>
  </datafield>
  <datafield tag="082" ind1=" " ind2=" ">
    <subfield code="a">RD868.3</subfield>
    <subfield code="b">B598m 2009</subfield>
    <subfield code="2">22</subfield>
  </datafield>
  <datafield tag="100" ind1="1" ind2=" ">
    <subfield code="a">Billini, Francisco Gregorio,</subfield>
    <subfield code="d">1844-1898</subfield>
  </datafield>
  <datafield tag="245" ind1="1" ind2="0">
    <subfield code="a">M&#xE1;s que un eco de la opini&#xF3;n /</subfield>
    <subfield code="c">Francisco Gregorio Billini ; editor Andr&#xE9;s Blanco D&#xED;az.</subfield>
  </datafield>
  <datafield tag="260" ind1=" " ind2=" ">
    <subfield code="a">Santo Domingo :</subfield>
    <subfield code="b">Archivo General de la Naci&#xF3;n,</subfield>
    <subfield code="c">2009.</subfield>
  </datafield>
  <datafield tag="300" ind1=" " ind2=" ">
    <subfield code="a">4 v. :</subfield>
    <subfield code="b">il. ;</subfield>
    <subfield code="c">23 cm.</subfield>
  </datafield>
  <datafield tag="490" ind1="1" ind2=" ">
    <subfield code="a">Archivo General de la Naci&#xF3;n</subfield>
    <subfield code="v">77-80</subfield>
  </datafield>
  <datafield tag="500" ind1=" " ind2=" ">
    <subfield code="a">Incluye &#xED;ndice onom&#xE1;stico</subfield>
  </datafield>
  <datafield tag="505" ind1="0" ind2=" ">
    <subfield code="a">v. 1 Miscel&#xE1;neos, 1874-1898 -- v. 2. Escritos, 1879-1885 -- v. 3. Escritos, 1886-1889 -- v. 4. Escritos, 1890-1897.</subfield>
  </datafield>
  <datafield tag="590" ind1=" " ind2=" ">
    <subfield code="a">Inventariado, 2021/VM</subfield>
  </datafield>
  <datafield tag="600" ind1="1" ind2="4">
    <subfield code="a">Billini, Francisco Gregorio </subfield>
    <subfield code="d">1844-1898</subfield>
    <subfield code="x">Colecciones de escritos </subfield>
  </datafield>
  <datafield tag="650" ind1=" " ind2="4">
    <subfield code="a">Ensayos dominicanos </subfield>
    <subfield code="y">Siglo XIX.</subfield>
  </datafield>
  <datafield tag="651" ind1=" " ind2="4">
    <subfield code="a">Rep&#xFA;blica Dominicana</subfield>
    <subfield code="x">Historia</subfield>
    <subfield code="y">1844-1930</subfield>
    <subfield code="x"> </subfield>
  </datafield>
  <datafield tag="700" ind1="1" ind2="2">
    <subfield code="a">Blanco D&#xED;az, Andr&#xE9;s</subfield>
    <subfield code="e">ed.</subfield>
  </datafield>
  <datafield tag="710" ind1="2" ind2=" ">
    <subfield code="a">Archivo General de la Naci&#xF3;n (Rep&#xFA;blica Dominicana)</subfield>
  </datafield>
  <datafield tag="910" ind1=" " ind2=" ">
    <subfield code="a">VMateo V. Control de calidad. BPMSU</subfield>
  </datafield>
  <datafield tag="942" ind1=" " ind2=" ">
    <subfield code="2">ddc</subfield>
    <subfield code="c">BK</subfield>
  </datafield>
  <datafield tag="952" ind1=" " ind2=" ">
    <subfield code="0">0</subfield>
    <subfield code="1">0</subfield>
    <subfield code="2">ddc</subfield>
    <subfield code="4">0</subfield>
    <subfield code="7">0</subfield>
    <subfield code="8">CD</subfield>
    <subfield code="a">BPMET</subfield>
    <subfield code="b">BPMET</subfield>
    <subfield code="d">2021-11-01</subfield>
    <subfield code="e">AGN</subfield>
    <subfield code="o">BPMSU CD RD868.3 B598m 2009</subfield>
    <subfield code="p">BPMSU21110002</subfield>
    <subfield code="r">2021-11-01</subfield>
    <subfield code="t">v.1</subfield>
    <subfield code="w">2021-11-01</subfield>
    <subfield code="y">BK</subfield>
  </datafield>
  <datafield tag="952" ind1=" " ind2=" ">
    <subfield code="0">0</subfield>
    <subfield code="1">0</subfield>
    <subfield code="2">ddc</subfield>
    <subfield code="4">0</subfield>
    <subfield code="7">0</subfield>
    <subfield code="8">CD</subfield>
    <subfield code="a">BPMET</subfield>
    <subfield code="b">BPMET</subfield>
    <subfield code="d">2021-11-01</subfield>
    <subfield code="e">AGN</subfield>
    <subfield code="o">BPMSU CD RD868.3 B598m 2009</subfield>
    <subfield code="p">BPMSU21110003</subfield>
    <subfield code="r">2021-11-01</subfield>
    <subfield code="t">v.2</subfield>
    <subfield code="w">2021-11-01</subfield>
    <subfield code="y">BK</subfield>
  </datafield>
  <datafield tag="952" ind1=" " ind2=" ">
    <subfield code="0">0</subfield>
    <subfield code="1">0</subfield>
    <subfield code="2">ddc</subfield>
    <subfield code="4">0</subfield>
    <subfield code="7">0</subfield>
    <subfield code="8">CD</subfield>
    <subfield code="a">BPMET</subfield>
    <subfield code="b">BPMET</subfield>
    <subfield code="d">2021-11-01</subfield>
    <subfield code="e">AGN</subfield>
    <subfield code="o">BPMSU CD RD868.3 B598m 2009</subfield>
    <subfield code="p">BPMSU21110004</subfield>
    <subfield code="r">2021-11-01</subfield>
    <subfield code="t">v.3</subfield>
    <subfield code="w">2021-11-01</subfield>
    <subfield code="y">BK</subfield>
  </datafield>
  <datafield tag="952" ind1=" " ind2=" ">
    <subfield code="0">0</subfield>
    <subfield code="1">0</subfield>
    <subfield code="2">ddc</subfield>
    <subfield code="4">0</subfield>
    <subfield code="7">0</subfield>
    <subfield code="8">CD</subfield>
    <subfield code="a">BPMET</subfield>
    <subfield code="b">BPMET</subfield>
    <subfield code="d">2021-11-01</subfield>
    <subfield code="e">AGN</subfield>
    <subfield code="o">BPMSU CD RD868.3 B598m 2009</subfield>
    <subfield code="p">BPMSU21110005</subfield>
    <subfield code="r">2021-11-01</subfield>
    <subfield code="t">v.4</subfield>
    <subfield code="w">2021-11-01</subfield>
    <subfield code="y">BK</subfield>
  </datafield>
  <datafield tag="999" ind1=" " ind2=" ">
    <subfield code="c">13825</subfield>
    <subfield code="d">13825</subfield>
  </datafield>
</record>
